Príspevok k využitiu teórie podobnosti pri hodnotení dynamických vlastností čelných frézových hláv. /
Saved in:
| Main Author: | |
|---|---|
| Format: | Manuscript Book |
| Published: |
Bratislava :
SVŠT v Bratislave SjF,
1980
|
| Tags: |
No Tags, Be the first to tag this record!
|
MARC
| LEADER | 00000ntm a22000003a 4500 | ||
|---|---|---|---|
| 001 | stu47750 | ||
| 005 | 20150617225711.5 | ||
| 008 | ------s1980----cs----------------------d | ||
| 040 | |a STU |b slo | ||
| 041 | 0 | ||
| 044 | |a cs | ||
| 080 | |a 621.9.08 | ||
| 080 | |a 621.914.22 | ||
| 100 | 1 | |a Práznovský, M |4 aut | |
| 245 | 1 | |a Príspevok k využitiu teórie podobnosti pri hodnotení dynamických vlastností čelných frézových hláv. / |c [aut.] Práznovský,M | |
| 260 | |a Bratislava : |b SVŠT v Bratislave SjF, |c 1980 | ||
| 300 | |a 125 s | ||
| 996 | |b J65288 |c J*65288/DIZ. |l JJSK |s A |a 24 |w stu47750_0001 | ||